000 00663nam a2200205 4500
001 140215
003 ES-MaACL
005 20250831115443.0
007 t|
008 070214s1968 sp r ||||1| cat d
100 1 _aSchulz, Charles M.
_9104789
245 1 0 _aEs diumenge, Charlie Brown!
_b: peanuts /
_cCharles M. Schulz ; práoleg d'Umberto Eco ; traducció d'Antoni Pigrau i Rodríguez.
250 _a1ª. ed.
260 _aBarcelona :
_bEdicions 62,
_c1968.
300 _a68 h. :
_bil. ;
_c22 cm.
700 1 _aEco, Umberto,
_d1932-2016
_946611
700 1 _aPigrau, Antoni.
_992005
852 _aES-MaACL
_jC-49813
_bR.67972
999 _c140215
_d140215